000 00318nam a2200121Ia 4500
005 20251222144639.0
008 251222s9999||||xx |||||||||||||| ||spa||
082 _a305.268.5/R31
100 _aReátegui, Félix
245 0 _aLas organizaciones sociales durante el proceso de violencia
264 _bPUCP
942 _cLIB
999 _c16588
_d16588